Nursing care of children / (Record no. 6943)

MARC details
000 -LEADER
fixed length control field 01217pam a2200289 i 4500
001 - CONTROL NUMBER
control field 3178572
003 - CONTROL NUMBER IDENTIFIER
control field GBCCL
005 - DATE AND TIME OF LATEST TRANSACTION
control field 20241126110615.0
008 - FIXED-LENGTH DATA ELEMENTS--GENERAL INFORMATION
fixed length control field 760322s1976 paua b 001 0 eng
010 ## -
-- 76007556
020 ## - INTERNATIONAL STANDARD BOOK NUMBER
International Standard Book Number 0397541600
040 ## - CATALOGING SOURCE
Original cataloging agency DLC
Transcribing agency DLC
Modifying agency DLC
050 00 -
-- RJ245
-- .J4 1976
082 00 - DEWEY DECIMAL CLASSIFICATION NUMBER
Classification number 610.7362
Item number WAE
100 1# - MAIN ENTRY--PERSONAL NAME
Personal name Waechter, Eugenia H.
9 (RLIN) 12367
245 10 - TITLE STATEMENT
Title Nursing care of children /
Statement of responsibility, etc. Eugenia H. Waechter, Florence G. Blake ; medical coordinator, Jane Phillips Lipp.
250 ## - EDITION STATEMENT
Edition statement 9th ed.
260 ## - PUBLICATION, DISTRIBUTION, ETC.
Place of publication, distribution, etc. Philadelphia :
Name of publisher, distributor, etc. Lippincott,
Date of publication, distribution, etc. c1976.
300 ## - PHYSICAL DESCRIPTION
Extent xii, 834 p. :
Other physical details ill. ;
Dimensions 26 cm.
500 ## - GENERAL NOTE
General note Eighth ed. by F. G. Blake, F. H. Wright, and E. H. Waechter published in 1970; 7th ed. published in 1963 under title: Essentials of pediatric nursing. First-6th ed. by P. C. Jeans published under title: Essentials of pediatrics for nurses.
504 ## - BIBLIOGRAPHY, ETC. NOTE
Bibliography, etc. note Includes bibliographies and index.
650 #0 - SUBJECT ADDED ENTRY--TOPICAL TERM
Topical term or geographic name entry element Pediatric nursing.
9 (RLIN) 12368
700 1# - ADDED ENTRY--PERSONAL NAME
Personal name Blake, Florence Guinness,
Relator term joint author.
9 (RLIN) 12369
700 1# - ADDED ENTRY--PERSONAL NAME
Personal name Jeans, Philip C.
Fuller form of name (Philip Charles),
Dates associated with a name 1883-1952.
Title of a work Essentials of pediatrics for nurses.
9 (RLIN) 12370
906 ## - LOCAL DATA ELEMENT F, LDF (RLIN)
a 7
b cbc
c orignew
d 1
e ocip
f 19
g y-gencatlg
942 ## - ADDED ENTRY ELEMENTS (KOHA)
Source of classification or shelving scheme Dewey Decimal Classification
Koha item type Reference Books
Holdings
Withdrawn status Lost status Source of classification or shelving scheme Damaged status Not for loan Home library Current Library Shelving location Date acquired Total checkouts Full call number Barcode Date last seen Copy number Price effective from Koha item type
    Dewey Decimal Classification     GRACE BIBLE COLLEGE GRACE BIBLE COLLEGE Encyclopedia 2018-07-04   610.7362 WAE 000943 2025-05-01 c.1 2018-07-04 Reference Books
© Grace Bible College Library 2025